लोड हो रहा है...
قراءات في الشعر العربي الحديث والقديم
| मुख्य लेखक: | |
|---|---|
| स्वरूप: | Printed Book |
| भाषा: | English |
| प्रकाशित: |
الاردن
عالم الكتب الحديث
2011
|
| विषय: |
| LEADER | 00570nam a22001457a 4500 | ||
|---|---|---|---|
| 008 | 200211b ||||| |||| 00| 0 eng d | ||
| 999 | |c 348580 |d 348580 | ||
| 020 | |a 9789957702069 | ||
| 082 | |a 811.901 NZ | ||
| 100 | |a هاني نصر الله | ||
| 245 | |a قراءات في الشعر العربي الحديث والقديم | ||
| 260 | |a الاردن |b عالم الكتب الحديث |c 2011 | ||
| 650 | |a لغة عربية | ||
| 942 | |c BK | ||
| 952 | |0 0 |1 0 |2 ddc |4 0 |6 811_901000000000000_NZ |7 0 |9 402046 |a ARA |b ARA |c ST1 |d 2020-02-11 |i 11776 |l 0 |o 811.901 NZ |p ARA11776 |r 2020-02-11 |w 2020-02-11 |y BK | ||